000 00485nam a22001697a 4500
005 20251108164746.0
008 250721s1987 xx 000 0 ara d
082 1 4 _a810.9/يحي
100 1 _aحقي، يحيى
245 1 0 _aعشق الكلمة /
264 1 _aالقاهرة :
_bالهيئة المصرية العامة للكتاب،
_c1987.
300 _a446 ص
650 1 7 _aالأدب العربي
650 1 7 _aالنقد الأدبي
942 _2ddc
_cBK
999 _c13649
_d13649